Statistiken für Dinner for One-Quiz

Klicken Sie hier um das Quiz zu spielen!

Allgemein

  • Dieses Quiz wurde 73 mal gespielt
    (46 seit der letzten Aktualisierung)
  • Das Durchschnittsergebnis liegt bei 8 aus 18

Antwortstatistiken

ArtHintAntwort% Korrekt
PersonTier auf dem BodenTiger
98%
PersonDer ButlerJames
88%
PersonPerson, deren Geburtstag gefeiert wirdMiss Sophie
78%
PersonWie oft tritt er gegen dessen Kopf?11
61%
PersonDer, der links neben ihr sitztSir Toby
46%
PersonDer, der links neben ihm sitztAdmiral von Schneider
44%
PersonDer, der links neben ihm sitztMr Winterbottom
41%
MealErster Gang, allgemeinSuppe / Soup
41%
MealZweiter Gang, allgemeinFisch / Fish
39%
PersonDer, der ihm gegenüber sitztMr Pommeroy
39%
MealGetränk zum zweiten GangWeißwein / White wine
39%
MealGetränk zum dritten GangChampagner / Champagne
32%
MealGetränk zum vierten GangPort
32%
MealDritter GangHähnchen / Chicken
27%
MealGetränk zum ersten GangSherry
27%
MealVierter GangFrüchte / Fruit
22%
MealDetaillierter (genauer Name)Mulligatawny soup
7%
MealDetaillierter (genauer Name)Nordsee-Schellfisch / North Sea haddock
7%

Verteilung der Resultate

Perzentil nach korrekt beantworteten Fragen

Anzahl Personen mit jedem Resultat

Ihre Resultats-Entwicklung

Sie haben dieses Quiz seit der letzten Aktualisierung nicht gespielt